| 000 | 00969nac a22002657a 4500 | ||
|---|---|---|---|
| 001 | BR8202021 | ||
| 003 | BR-BrBNA | ||
| 005 | 20240105115302.0 | ||
| 008 | 230509b bl.|||m| |||| 00| 0 por d | ||
| 040 |
_aBR-BrBNA _bpor _cBiblioteca Nacional de Agricultura |
||
| 072 | _aF40 | ||
| 090 | _aF40 BR8202021 | ||
| 100 | 1 | _aMarx, R.B. | |
| 110 | 1 |
_aUniversidade Estadual Paulista Julio de Mesquita Filho, Sao Jose do Rio Preto, SP (Brasil). Inst. de Biociencias, Letras e Ciencias Exatas _910703 |
|
| 245 | 1 | _aEcologia e paisagismo [Ecologia vegetal; Ecologia florestal; Brasil] | |
| 246 | 1 | _a[Ecology and landscape [Plant ecology; Forest ecology; Brazil]] | |
| 260 | 3 |
_aSao Jose do Rio Preto, SP (Brasil): _c1981. |
|
| 300 | _a17 p. | ||
| 490 |
_aInter-Facies. Escritos e Documentos (Brazil) _vno. 56 _x |
||
| 650 | _aECOLOGIA FLORESTAL | ||
| 650 | _aPLANTA | ||
| 650 | _aVEGETACAO | ||
| 909 |
_a202312 _bLúcia Elande _c55 _dLúcia Elande |
||
| 942 |
_2AGRIS _n0 _cMS |
||
| 999 |
_c274073 _d274073 |
||